| 000 | 01035nam a2200373 a 4500 | ||
|---|---|---|---|
| 003 | AR-BaBNM | ||
| 005 | 20251128203357.0 | ||
| 008 | 082120s2002 ||||||||||||||000 | spa|| | ||
| 040 | _cAR-BaBNM | ||
| 100 | 1 | _aSchostakovsky, Pablo | |
| 245 | 0 | 0 |
_aHistoria de la literatura rusa _bdesde los orígenes hasta nuestros días |
| 260 |
_aBuenos Aires _bLosada _c1945 |
||
| 300 | _a501 p. | ||
| 490 | 0 | _aPanoramas | |
| 500 | _aContiene referencias bibliográficas en p. 477 | ||
| 500 | _aIndice de nombres en p. 479 | ||
| 500 | _aIndice de láminas en p. 491 | ||
| 650 | 4 | _aROMANTICISMO | |
| 650 | 4 | _aREALISMO | |
| 650 | 4 | _aLITERATURA RUSA | |
| 650 | 4 | _aHISTORIA LITERARIA | |
| 650 | 4 | _aCRITICA LITERARIA | |
| 650 | 4 | _aTRADICION ORAL | |
| 650 | 4 | _aEDAD MEDIA | |
| 650 | 4 | _aRENACIMIENTO | |
| 650 | 4 | _aESCRITORES | |
| 650 | 4 | _aBIOGRAFIAS | |
| 650 | 4 | _aLITERATURA CONTEMPORANEA | |
| 653 | _aREVOLUCION RUSA | ||
| 655 | _aLITERATURA | ||
| 800 | 1 |
_aTorre, Guillermo de _edirector |
|
| 942 | _cBK | ||
| 998 | _cMARTIN | ||
| 999 |
_c3108 _d3108 |
||